000 00511nam a2200169Ia 4500
003 GCL
008 140319s9999 xx 000 0 ara d
040 _aGCL /
_cGCL
082 0 4 _a956.904
_bك ا
100 1 _aكامل الشريف
245 1 0 _aالاخوان المسلمون فى حرب فلسطين /
_cكامل الشريف
260 _a[S.N] :
_bالزهراء للاعلام العربى ،
_c1987
300 _a260 ص
490 _a
650 0 4 _aالاخوان المسلمون
942 _2ddc
_cBK
999 _c31210
_d31210